| 000 | 00768nam a22002297a 4500 | ||
|---|---|---|---|
| 005 | 20170124110020.0 | ||
| 010 | _aB-129891 | ||
| 020 |
_c625.00 _a9780195670592 |
||
| 035 | _aB-129891 | ||
| 037 | _bCen Lib/Ret | ||
| 040 |
_aDPL _bEN |
||
| 082 |
_a615.53 _bLAN |
||
| 100 |
_aLangford, Jean M. _919437 |
||
| 245 |
_aFluent bodies : _cby Jean M.Langford _bayurvedic remedies for postcolonial imbalance / |
||
| 260 |
_aNew Delhi _bOxford university press _c2002 |
||
| 270 |
_aYMCA library building Jai Singh road _bNew Delhi _e110001 |
||
| 300 |
_ax,311p. _c21cm(Hb) |
||
| 500 | _aIncludes bibliographical reference and index | ||
| 650 |
_aTraditional medicine _919438 |
||
| 650 |
_aMedicine, Ayurvedic _919439 |
||
| 942 |
_2ddc _cEN _h615.53 _mLAN |
||
| 999 |
_c127110 _d127110 |
||